| 000 | 00833nam a2200193 a 4500 | ||
|---|---|---|---|
| 008 | 120416s1982 ||||||||||||||||| || u | ||
| 050 | _aHF 5686.C8 Dop | ||
| 100 | _aDopuch, Nicholas | ||
| 245 | 1 | 0 | _aCost accounting: accounting data for management's decisions (3rd ed.) |
| 250 | _a3rd. ed. | ||
| 260 |
_aNew York _bHarcourt Brace Jovanovich _c1982 |
||
| 300 | _avi, 726p. : ill. | ||
| 350 | _a0.00 | ||
| 650 | 0 | _aACCOUNTING--HANDBOOKS, MANUALS, ETC | |
| 650 | 0 | _aCOST ACCOUNTING | |
| 700 | _aDemski, Jolel S | ||
| 995 |
_aMAIN LIBRARY OPEN ACCESS _D0.00 _e718810 _FCBU-MAIN LIBRARY (Kitwe) _H1 _I15.95 _jHF 5686.C8 Dop _M1 _UAVAILABLE _y024909 _ZMain Library Open Access Collection |
||
| 995 |
_aTEXTBOOKS (SB) _D0.00 _e1759 _FCBU-SCHOOL TEXTBOOK COLLECTIONS _H1 _I0.00 _jSCHOOL TEXTBOOK _M2 _UAVAILABLE _WSep 30, 2009 _y1759 _ZSchool Collections |
||
| 999 |
_c62551 _d62551 |
||